<?xml version="1.0" encoding="UTF-8"?>
<record
    xmlns:xsi="http://www.w3.org/2001/XMLSchema-instance"
    xsi:schemaLocation="http://www.loc.gov/MARC21/slim http://www.loc.gov/standards/marcxml/schema/MARC21slim.xsd"
    xmlns="http://www.loc.gov/MARC21/slim">

  <leader>01759ngm a22003137a 4500</leader>
  <controlfield tag="005">20240209085407.0</controlfield>
  <controlfield tag="008">231002b        mx    || |||| 00| 0 spa d</controlfield>
  <datafield tag="050" ind1="0" ind2="4">
    <subfield code="a">CC97.M6</subfield>
    <subfield code="b">T53</subfield>
  </datafield>
  <datafield tag="245" ind1="0" ind2="0">
    <subfield code="a">Tlalcan</subfield>
    <subfield code="b">: bajo la ciudad de los Dioses : documental</subfield>
    <subfield code="h">[Videograbaci&#xF3;n]</subfield>
    <subfield code="c">/ producci&#xF3;n Mariana Liz&#xE1;rraga ; director Juan Mora.</subfield>
  </datafield>
  <datafield tag="246" ind1="1" ind2="3">
    <subfield code="a">Tlalcan</subfield>
    <subfield code="b">: un c&#xF3;dice cinematogr&#xE1;fico documental del Valle de Teotihuac&#xE1;n.</subfield>
  </datafield>
  <datafield tag="250" ind1=" " ind2=" ">
    <subfield code="a">1a ed.</subfield>
  </datafield>
  <datafield tag="260" ind1=" " ind2=" ">
    <subfield code="a">M&#xE9;xico :</subfield>
    <subfield code="b">Secretaria de Cultura, Fondo Nacional para la Cultura y las Artes,</subfield>
    <subfield code="c">S/F.</subfield>
  </datafield>
  <datafield tag="300" ind1=" " ind2=" ">
    <subfield code="a">1 dvd :</subfield>
    <subfield code="b">digital, estereo, color ;</subfield>
    <subfield code="c">4 3/4 plg.</subfield>
  </datafield>
  <datafield tag="306" ind1=" " ind2=" ">
    <subfield code="a">013400 [Duraci&#xF3;n 01:34:00]</subfield>
  </datafield>
  <datafield tag="508" ind1=" " ind2=" ">
    <subfield code="a">Gui&#xF3;n  y direcci&#xF3;n Carlos R. Montes de Oca Rojo ; Edici&#xF3;n Jos&#xE9; Miguel Vera ; Direcci&#xF3;n de fotograf&#xED;a Carlos Montes de Oca</subfield>
  </datafield>
  <datafield tag="511" ind1=" " ind2=" ">
    <subfield code="a">protagonistas S&#xE9;rgio G&#xF3;mez Ch&#xE1;vez, monumentos y ciudades del Valle de Teotihuac&#xE1;n.</subfield>
  </datafield>
  <datafield tag="520" ind1=" " ind2=" ">
    <subfield code="a">Durante una ma&#xF1;ana nublada de 2003, las intensas lluvias de octubre abrieron un orificio en la zona arqueol&#xF3;gica de Teotihuacan. La oquedad result&#xF3; ser la entrada a un t&#xFA;nel oculto por m&#xE1;s de 1800 a&#xF1;os; un paisaje subterr&#xE1;neo que representaba el lugar m&#xE1;s sagrado : el inframundo...</subfield>
  </datafield>
  <datafield tag="521" ind1=" " ind2=" ">
    <subfield code="a">Para todo p&#xFA;blico.</subfield>
  </datafield>
  <datafield tag="546" ind1=" " ind2=" ">
    <subfield code="a">En espa&#xF1;ol.</subfield>
  </datafield>
  <datafield tag="650" ind1=" " ind2="7">
    <subfield code="2">lemb</subfield>
    <subfield code="a">Arqueolog&#xED;a</subfield>
    <subfield code="v">Documental</subfield>
    <subfield code="z">M&#xE9;xico</subfield>
    <subfield code="z">Teotihuac&#xE1;n</subfield>
  </datafield>
  <datafield tag="651" ind1=" " ind2="4">
    <subfield code="a">Templo de la serpiente emplumada (Teotihuac&#xE1;n)</subfield>
    <subfield code="v">Documental</subfield>
    <subfield code="x">Arqueolog&#xED;a</subfield>
  </datafield>
  <datafield tag="700" ind1="1" ind2=" ">
    <subfield code="a">G&#xF3;mez Ch&#xE1;vez, Sergio,</subfield>
    <subfield code="e">protagonista</subfield>
  </datafield>
  <datafield tag="700" ind1="1" ind2=" ">
    <subfield code="a">Liz&#xE1;rraga, Mariana,</subfield>
    <subfield code="e">productor</subfield>
  </datafield>
  <datafield tag="700" ind1="1" ind2=" ">
    <subfield code="a">Mora, Juan, </subfield>
    <subfield code="e">director</subfield>
  </datafield>
  <datafield tag="700" ind1="1" ind2=" ">
    <subfield code="a">Vera, Jos&#xE9; Miguel,</subfield>
    <subfield code="e">editor</subfield>
  </datafield>
  <datafield tag="700" ind1="1" ind2=" ">
    <subfield code="a">Montes de Oca, Carlos R.,</subfield>
    <subfield code="e">director de fotograf&#xED;a</subfield>
  </datafield>
  <datafield tag="700" ind1="1" ind2=" ">
    <subfield code="a">Montes de Oca Rojo, Carlos R.,</subfield>
    <subfield code="e">guionista</subfield>
    <subfield code="e">director</subfield>
  </datafield>
  <datafield tag="942" ind1=" " ind2=" ">
    <subfield code="2">lcc</subfield>
    <subfield code="c">VID</subfield>
  </datafield>
  <datafield tag="999" ind1=" " ind2=" ">
    <subfield code="c">103954</subfield>
    <subfield code="d">103954</subfield>
  </datafield>
  <datafield tag="952" ind1=" " ind2=" ">
    <subfield code="0">0</subfield>
    <subfield code="1">0</subfield>
    <subfield code="2">lcc</subfield>
    <subfield code="4">0</subfield>
    <subfield code="7">0</subfield>
    <subfield code="a">LIC-037</subfield>
    <subfield code="b">LIC-037</subfield>
    <subfield code="c">GENERAL</subfield>
    <subfield code="d">2023-10-02</subfield>
    <subfield code="e">DON</subfield>
    <subfield code="l">0</subfield>
    <subfield code="o">CC97.M6 T53</subfield>
    <subfield code="p">BBA000002971</subfield>
    <subfield code="r">2023-10-02 00:00:00</subfield>
    <subfield code="t">1</subfield>
    <subfield code="v">1.00</subfield>
    <subfield code="w">2023-10-02</subfield>
    <subfield code="y">VID</subfield>
  </datafield>
  <datafield tag="952" ind1=" " ind2=" ">
    <subfield code="0">0</subfield>
    <subfield code="1">0</subfield>
    <subfield code="2">lcc</subfield>
    <subfield code="4">0</subfield>
    <subfield code="7">0</subfield>
    <subfield code="a">LIC-037</subfield>
    <subfield code="b">LIC-037</subfield>
    <subfield code="c">GENERAL</subfield>
    <subfield code="d">2023-10-02</subfield>
    <subfield code="e">DON</subfield>
    <subfield code="l">0</subfield>
    <subfield code="o">CC97.M6 T53</subfield>
    <subfield code="p">BBA000002972</subfield>
    <subfield code="r">2023-10-02 00:00:00</subfield>
    <subfield code="t">2</subfield>
    <subfield code="v">1.00</subfield>
    <subfield code="w">2023-10-02</subfield>
    <subfield code="y">VID</subfield>
  </datafield>
</record>
